| 000 | 01092cam a2200337 a 4500 | ||
|---|---|---|---|
| 001 | 6331029 | ||
| 003 | ARRUPE | ||
| 005 | 20160323113559.0 | ||
| 008 | 060906s2006 rh a 000 0 eng | ||
| 010 | _a 2006318530 | ||
| 020 | _a0797421955 | ||
| 020 | _a9780797421950 | ||
| 035 | _a(OCoLC)ocm74354667 | ||
| 035 | _a(NNC)6331029 | ||
| 040 |
_aDLC _cDLC _dBTCTA |
||
| 042 | _alcode | ||
| 043 | _af------ | ||
| 050 | 0 | 0 | _aK3240.H8567 1998 |
| 082 | 0 | 0 |
_a341.4/8 _222 |
| 100 | 1 |
_aMatsheza, Philliat. _923105 |
|
| 245 | 1 | 0 |
_aHuman rights monitoring and enforcement mechanisms : _ba practical guide to the United Nations and the African Union human rights protection mechanisms / _cby Philliat Matseza and Leonard Zulu. |
| 246 | 1 | 4 | _aMonitoring and enforcement mechanisms |
| 260 |
_aHarare : _bHuman Rights Trust of Southern Africa, _c1998 |
||
| 300 |
_a118 p. : _bill. ; _c25 cm. |
||
| 650 | 0 |
_aHuman rights _923106 |
|
| 650 | 0 |
_aHuman rights _zAfrica _919054 |
|
| 700 | 1 |
_aZulu, Leonard _923107 |
|
| 942 |
_2lcc _cMONOGRAPH |
||
| 948 | 1 |
_a20071113 _bc _crad1 _dMPS |
|
| 999 |
_c124418 _d124418 |
||